Staff development for library and information services (Record no. 63351)

MARC details
000 -LEADER
fixed length control field 00488nam a22001577a 4500
005 - DATE AND TIME OF LATEST TRANSACTION
control field 20170831130902.0
010 ## - LCCN (DPL NO)
LC control number B-31167, B-31165
020 ## - INTERNATIONAL STANDARD BOOK NUMBER
International Standard Book Number 8170002648
Terms of availability 375.00
035 ## - SYSTEM CONTROL NUMBER
System control number B-31167
035 ## - SYSTEM CONTROL NUMBER
System control number B-31165
037 ## - SOURCE OF ACQUISITION
Stock number DPL
Source of stock number/acquisition ENG
245 ## - TITLE STATEMENT
Title Staff development for library and information services
Statement of responsibility, etc edited by Sanjaya Mishra [and] Sunil Kumar
260 ## - PUBLICATION, DISTRIBUTION, ETC. (IMPRINT)
Place of publication, distribution, etc New Delhi
Name of publisher, distributor, etc Ess Ess Publications
Date of publication, distribution, etc 1999
300 ## - PHYSICAL DESCRIPTION
Extent v, 170p.
Dimensions 22cm(Hb)
942 ## - ADDED ENTRY ELEMENTS (KOHA)
Source of classification or shelving scheme Dewey Decimal Classification
Item type English Books
Classification part 023.8
Call number suffix STA
Holdings
Withdrawn status Lost status Not for loan Collection code Home library Current library Date acquired Cost, normal purchase price Full call number Barcode Cost, replacement price Koha item type Copy number
    Not For Loan Reference Central Library Central Library 31/08/2017 375.00 023.8 STA B-31165 375.00 English Books 1
      Non-fiction Sarojini Nagar Sarojini Nagar 23/02/2012 375.00 023.8 STA B-31167 375.00 English Books  

© Delhi Public Library
Hit Counter
free hit counter